00859nam a22002417a 450000500170000001000130001702000250003003500130005503700160006804000120008408200150009610000290011124500780014024600380021826000470025627000560030330000330035965000240039265000220041694200240043899900190046295201360048120170124105935.0 aB-221347 c75.00a9788184080599 aB-221347 bCen Lib/Ret aDPLbEN a230.1bSIN aSingh, Chitralekha92156 a1008 names of siva /cby Chitralekha Singh, Prem Nath [and] Lipika Singh  b One thousand eight names of siva bIndian Publishing House aNew Delhi c2006 bNew Delhi e110002a2/13, Ansari Road, Dariya Ganj  avii, 88p. ;c20cm(pbk)bill. aReligion z 991239 aGod Shiva 99654 2ddccENh230.1mSIN c124177d124177 00104070aLbLd2015-06-15eCen Lib/Retg75.00l5o230.1 SINpB-221347r2023-04-05 00:00:00s2023-03-22t1v75.00w2015-06-15yEN